00475nam a2200145Ia 4500003000400000020001800004082001500022100001500037245003500052250001200087260006700099300001000166650002800176653012500204SGT a9788189866716 a621.3bSIN aSingh,R.P. aElectrical workshop a textbook a2nd Ed. bI.K. International Publishing House Pvt. Ltd.aNew Delhic2005 a220p. aELECTRICAL ENGINEERING  aINDIAN ELECTRICITY RULES, ELECTRIC SHOCK, EARTHING, DC BATTERIES, PREVENTIVE MAINTENANCE OF DG SETS , ELECTRICAL SAFETY